000
00317nam a22001337a 4500
008
170316b xxu||||| |||| 00| 0 eng d
020
_a
9780683091991
041
_a
eng
080
_a
616.8
100
_a
7
101
_a
SHM
245
_a
RUPTURED CEREBRAL ANEURYSMS PERRIOPERRATIVE
_c
RATCHESON.R.A
942
_2
udc
_c
BK
999
_c
8017
_d
8017